Plehanov mint ateista - Plehanov, G. V.: A vallásról. Kossuth K., 1960.
Elmentve itt :
| Szerző: | |
|---|---|
| Adatforrás: | Philobibl |
| Forrásdokumentuma: | Magyar Filozófiai Szemle 6 1962/1., 127-130. p. |
| Dokumentumtípus: | Cikk |
| Nyelv: | magyar |
| LEADER | 00320nab a2200097 c 4500 | ||
|---|---|---|---|
| 001 | bibDOK00007171 | ||
| 005 | 20200924120306.3 | ||
| 008 | 060518s1962 hu hun | ||
| 100 | 1 | |a S. J. | |
| 245 | 1 | 0 | |a Plehanov mint ateista - Plehanov, G. V.: A vallásról. Kossuth K., 1960. |c S. J. |
| 773 | 0 | |t Magyar Filozófiai Szemle 6 |g 1962/1., 127-130. p. | |